| 000 | 01012nmm a2200289 a 4500 | ||
|---|---|---|---|
| 001 | ocm000884750 | ||
| 003 | TR-IsHL | ||
| 005 | 20201028143950.0 | ||
| 008 | 141121s2011 tu tur | ||
| 007 | cr cn | ||
| 020 | _a9789944978897 | ||
| 035 |
_a884750 _b(N$T) |
||
| 050 | 0 | 4 |
_aDR544 _b.A48 2011 |
| 090 | 0 | 4 |
_aDR544 _b.A48 2011 |
| 100 | 1 | _aAltınay, Ahmet Refik | |
| 245 | 1 | 0 |
_a1711 Prut seferi: Baltacı Mehmet Paşa Büyük Petro'ya karşı _h[electronic resource] / _cAhmet Refik Altınay ; yayına hazırlayan Hakan Karagöz ; editör Emir Yener |
| 260 |
_aİstanbul : _bİlgi Kültür Sanat Yayıncılık, _c2011 |
||
| 300 | _a144 p. | ||
| 650 | 4 | _aTarih | |
| 650 | 4 | _aHistory | |
| 650 | 0 | _aPrut Savaşı, 1711 | |
| 650 | 0 | _aPrut River, Battle of, 1711 | |
| 650 | 7 |
_aHISTORY / Middle East / Turkey & Ottoman Empire _2bisacsh |
|
| 700 | 1 | _aKaragöz, Hakan | |
| 700 | 1 | _aYener, Emir | |
| 856 | 4 | 0 | _uhttp://search.ebscohost.com/login.aspx?direct=true&scope=site&db=e011xww&AN=884750 |
| 999 |
_c9179 _d9179 |
||